000 00610nam a22002057a 4500
003 0
005 20240930124253.0
008 240930b xxu||||| |||| 00| 0 eng d
020 _a9781916784314
050 _aTK 5101
_b.Al45 2024
100 _aAllen, Danial,
_eauthor.
245 _aAnalog communications /
_cDanial Allen.
250 _a1st ed.
260 _aLondon, UK :
_bVintage Press Ltd.,
_c2024.
300 _aix, 288 p. :
_bill. ;
_c25 cm.
504 _aIncludes bibliographical references and index.
650 _aTelecommunication systems.
650 _aDigital communications.
942 _2lcc
_cBK
999 _c366420
_d366420